Vista normal
Vista MARC
Entrada Personal Name
Número de registros utilizados en: 1
001 - CONTROL NUMBER
- control field: 16866
003 - CONTROL NUMBER IDENTIFIER
- control field: DLC
005 - DATE AND TIME OF LATEST TRANSACTION
- control field: 20250313164746.0
008 - FIXED-LENGTH DATA ELEMENTS
- fixed length control field: 050124n| azannaabn |a aaa c
010 ## - LIBRARY OF CONGRESS CONTROL NUMBER
- LC control number: nr2005002003
040 ## - CATALOGING SOURCE
- Original cataloging agency: CMalG
- Language of cataloging: spa
- Description conventions: rda
- Transcribing agency: Mx-PuUPA
- Modifying agency: DLC
- Modifying agency: Mx-PuUPA
100 1# - HEADING--PERSONAL NAME
- Personal name: Hernández Gálvez, Alejandro,
372 ## - FIELD OF ACTIVITY
- Field of activity: Arquitectura
- Source of term: lcsh
374 ## - OCCUPATION
- Occupation: Arquitecto
- Occupation: Editor
- Occupation: Curador del museo de arte
- Source of term: lcsh
375 ## - GENDER
- Gender: hombre
377 ## - ASSOCIATED LANGUAGE
- Language code: spa
- Language code: eng
400 1# - SEE FROM TRACING--PERSONAL NAME
- Personal name: Gálvez, Alejandro Hernández
400 1# - SEE FROM TRACING--PERSONAL NAME
- Personal name: Hernández, Alejandro
- Titles and other words associated with a name: (Architect)
670 ## - SOURCE DATA FOUND
- Source citation: Vacío, 2001?:
- Information found: t.p. (Alejandro Hernández Gálvez)
670 ## - SOURCE DATA FOUND
- Source citation: Francisco Pardo, 2019:
- Information found: t.p. (Alejandro Hernández) p. 253, etc. (Alejandro Hernández Gálvez; architect and editor; has curated exhibitions; content director of the magazine Arquine since July 2013; text by him in Spanish and English)